00000000cam 2200000zi 4500
0019.957131
003CaOODSP
00520251223114107
006m     o  d f      
007cr cn|||||||||
008251105e202512##oncao   ob   f000 0 eng d
020 |a9780660796277
040 |aCaOODSP|beng|erda|cCaOODSP
043 |an-cn---
0861 |aP29-065-017-2025E-PDF
24500|aHelicopter passenger transportation suit systems / |cdeveloped by the Canadian General Standards Board.
250 |a[December 2025 edition].
264 1|aOttawa, Ontario : |bCanadian General Standards Board : |bStandards Council of Canada, |cDecember 2025.
264 4|c©2025
300 |a1 online resource (77 pages) : |billustrations, photographs.
336 |atext|btxt|2rdacontent
337 |acomputer|bc|2rdamedia
338 |aonline resource|bcr|2rdacarrier
4901 |aNational standard of Canada ; |vCAN/CGSB-65.17-2020
500 |a"Reaffirmed December 2025."
500 |a"Corrigendum No. 1, August 2021."
500 |aSupersedes CAN/CGSB-65.17-2012.
500 |aIssued also in French under title: Combinaisons pour passagers d'hélicoptère.
504 |aIncludes bibliographical references.
520 |a"The primary objective of this standard is to provide performance requirements for a transportation suit system intended for use by helicopter passengers. A suit system meeting this standard is intended to increase the chance of survivability of the helicopter passenger during the initial hours of immersion in cold water should an emergency situation arise requiring the passenger to suddenly evacuate the helicopter during transportation over water. This standard applies to suit systems to be worn by helicopter passengers during transportation over water where thermal protection is required"--Foreword.
650 0|aHelicopters|xSafety measures|xStandards|zCanada.
650 0|aHelicopters|xEquipment and supplies|xStandards|zCanada.
650 0|aImmersion suits|xStandards|zCanada.
7102 |aCanadian General Standards Board, |eissuing body.
7102 |aStandards Council of Canada, |eissuing body.
77508|tCombinaisons pour passagers d'hélicoptère / |w(CaOODSP)9.957132
795 |tHelicopter passenger transportation suit systems.|b[December 2020 edition]|w(CaOODSP)9.894758
830#0|aNational standard of Canada ;|vCAN/CGSB-65.17-2020.|w(CaOODSP)9.507848
85640|qPDF|s7.15 MB|uhttps://publications.gc.ca/collections/collection_2025/ongc-cgsb/P29-065-017-2025-eng.pdf
986 |aICS 13.340.10